00674nam a2200241 a 4500001001300000003000900013005001700022008004100039020001000080082001300090100001900103245001900122260003800141300000900179500003500188505002800223650001900251700001900270902000800289942000700297952011300304999001500417nice12345678IN_TiNIC20260116012103.0050524s1958 lona grp 000 0 eng  ac10000a270bMOR aMorganil, Dewi aLambeth Speaks aLondonbA.R Mowbray and Co.c1958 a136p aincludes index and biblioraphy2 aIndex (7269 C2 is sold) aChurch-History1 aMorganil, Dewi bSRS cBK 001040708StackRoom-aHMIbHMId2007-07-17g100.00l0o270 MORp07267r2007-07-17v100.00w2005-05-24yBK c5584d5584